All-Time Green Bay Packers Players By College - Statistics

General Stats
  • This quiz has been taken 67 times
  • The average score is 9 of 15
Answer Stats
Hint Answer % Correct
Aaron Rodgers California
96%
Charles Woodson Michigan
79%
Aaron Jones UTEP
79%
Davante Adams Fresno State
77%
Clay Matthews USC
75%
Brett Favre Southern Miss
70%
Kenny Clark UCLA
66%
Jaire Alexander Louisville
64%
Jordy Nelson Kansas State
54%
LeRoy Butler Florida State
43%
Reggie White Tennessee
43%
Ahman Green Nebraska
38%
Jermichael Finley Texas
38%
Mason Crosby Colorado
34%
Jared Cook South Carolina
25%
No matching quizzes found
Score Distribution
Percent of People with Each Score
Percentile by Number Answered
Your Score History
You have not taken this quiz